000 00297nam a22001217a 4500
040 _cNUST
082 _a297.4,MUM
100 _aMumtaz, Mufti
_9370
245 _aTalash / تلاش (Urdu) /
_cMumtaz Mufti
260 _aLahore
_bAl-faisal
_c2015
300 _a264 p.;
942 _2ddc
_cBK
_k297.4,MUM
999 _c593412
_d593412